000 00252nam a2200121 i 4500
001 bg
245 0 _aUspechy foniki. Sb.6.
260 _aLeningrad,
_c1977.
040 _cBPK
041 _apol
942 _cKS
008 s pl f |000 0 pol
999 _c9490
_d9490
856 _uhttp://koha.tu.koszalin.pl/cgi-bin/koha/opac-detail.pl?biblionumber=9490
_yKatalog online BPK